[Event "España 1a División 2014"]
[Site "Linares ESP"]
[Date "2014.09.05"]
[Round "3.1"]
[White "Larino Nieto, David"]
[Black "Moreno Ruiz, Javier"]
[Result "1-0"]
[WhiteElo "2445"]
[BlackElo "2475"]
[PlyCount "77"]
[EventDate "2014.09.04"]
[EventType "team-tourn"]
[EventRounds "9"]
[EventCountry "ESP"]
[Source "lmi"]
[SourceDate "2014.09.04"]
[WhiteTeam "VTI ATOCHA"]
[BlackTeam "C.A. COLLADO VILLALBA"]

1. e4 c5 2. Nc3 Nc6 3. d3 g6 4. f4 Bg7 5. Be3 d6 6. g4 Qa5 7. Bd2 Nf6 8. g5 Nd7
9. Bg2 Qd8 10. Nf3 Nb6 11. h3 Be6 12. a4 Rb8 13. Be3 a6 14. a5 Na8 15. d4 cxd4
16. Nxd4 Nxa5 17. Qe2 Nc6 18. Nxc6 bxc6 19. f5 Bd7 20. O-O O-O 21. Rxa6 Nc7 22.
Ra7 Be5 23. Qf2 Nb5 24. Nxb5 Rxb5 25. f6 exf6 26. gxf6 Kh8 27. b3 Be6 28. Kh1
Bc3 29. Bh6 Rg8 30. e5 Rxe5 31. Qg3 Rh5 32. Qxc3 Rxh6 33. Qxc6 Bxh3 34. Bxh3
Rxh3+ 35. Kg2 Rh5 36. Rf3 Rc5 37. Rxf7 Re8 38. Qb7 Rh5 39. Rf8+ 1-0

[Event "España 1a División 2014"]
[Site "Linares ESP"]
[Date "2014.09.05"]
[Round "3.2"]
[White "Montoliu Cervero, Francisco"]
[Black "Garcia Castro, Pablo"]
[Result "0-1"]
[WhiteElo "2286"]
[BlackElo "2386"]
[PlyCount "95"]
[EventDate "2014.09.04"]
[EventType "team-tourn"]
[EventRounds "9"]
[EventCountry "ESP"]
[Source "lmi"]
[SourceDate "2014.09.04"]
[WhiteTeam "C.A. EVA-MANISES"]
[BlackTeam "C.A. UNIVERSIDAD DE VIGO"]

1. e4 g6 2. d4 Bg7 3. Nc3 c6 4. Nf3 d5 5. h3 Nh6 6. Be2 O-O 7. O-O f6 8. Re1
Nf7 9. Bf1 b6 10. a4 Na6 11. a5 Nc7 12. axb6 axb6 13. Rxa8 Nxa8 14. b3 Nc7 15.
Ba3 Re8 16. exd5 cxd5 17. Na4 b5 18. Nc3 Bd7 19. Bc5 Bc6 20. Qa1 e5 21. Bb6 Qd7
22. Bxc7 Qxc7 23. Nxb5 Bxb5 24. Bxb5 Rb8 25. Qa4 e4 26. Nh2 Qxc2 27. Bc6 Qd2
28. Qa1 Rd8 29. Rd1 Qc2 30. Ba4 f5 31. Nf1 f4 32. Rc1 Bxd4 33. Rxc2 Bxa1 34.
Bc6 Ne5 35. Bb7 Nd3 36. g3 g5 37. h4 h6 38. hxg5 hxg5 39. gxf4 gxf4 40. Ra2 Bd4
41. Ra8 Bxf2+ 42. Kg2 Rxa8 43. Bxd5+ Kg7 44. Bxa8 e3 45. Kf3 Bg1 46. Ke2 Nc1+
47. Ke1 Nxb3 48. Bc6 0-1

[Event "España 1a División 2014"]
[Site "Linares ESP"]
[Date "2014.09.05"]
[Round "3.2"]
[White "Guerra Bastida, Diego"]
[Black "Silva Rodriguez, Julio"]
[Result "1/2-1/2"]
[WhiteElo "2344"]
[BlackElo "2255"]
[PlyCount "60"]
[EventDate "2014.09.04"]
[EventType "team-tourn"]
[EventRounds "9"]
[EventCountry "ESP"]
[Source "lmi"]
[SourceDate "2014.09.04"]
[WhiteTeam "C.A. UNIVERSIDAD DE VIGO"]
[BlackTeam "C.A. EVA-MANISES"]

1. e4 e6 2. d4 d5 3. Nc3 Bb4 4. e5 c5 5. a3 Bxc3+ 6. bxc3 Qa5 7. Bd2 Qa4 8. Qb1
c4 9. h4 Nc6 10. h5 h6 11. Nh3 Bd7 12. Nf4 O-O-O 13. g3 f6 14. Ng6 Rh7 15. Bg2
Re8 16. O-O Nge7 17. Nxe7+ Rxe7 18. exf6 gxf6 19. Re1 Qa5 20. Qc1 e5 21. a4 Bg4
22. Qa3 exd4 23. Rxe7 Rxe7 24. Qd6 dxc3 25. Bf4 Qd8 26. Qc5 Qa5 27. Qd6 Qd8 28.
Qc5 Qa5 29. Qd6 Qd8 30. Qc5 Qa5 1/2-1/2

[Event "España 1a División 2014"]
[Site "Linares ESP"]
[Date "2014.09.05"]
[Round "3.2"]
[White "Silva Rodriguez, Fernando"]
[Black "Senlle Caride, Miguel"]
[Result "0-1"]
[WhiteElo "2244"]
[BlackElo "2324"]
[PlyCount "74"]
[EventDate "2014.09.04"]
[EventType "team-tourn"]
[EventRounds "9"]
[EventCountry "ESP"]
[Source "lmi"]
[SourceDate "2014.09.04"]
[WhiteTeam "C.A. EVA-MANISES"]
[BlackTeam "C.A. UNIVERSIDAD DE VIGO"]

1. d4 Nf6 2. c4 e6 3. Nc3 d5 4. cxd5 exd5 5. Bg5 Be7 6. e3 O-O 7. Bd3 c5 8.
dxc5 Nbd7 9. Rc1 Nxc5 10. Nge2 h6 11. Bxf6 Bxf6 12. Bb1 Be6 13. O-O Rc8 14. b4
Ne4 15. Qd3 g6 16. Rfd1 Nxc3 17. Nxc3 Bf5 18. Qd2 Bxb1 19. Nxb1 Qb6 20. a3 d4
21. exd4 Bxd4 22. Nc3 Rfd8 23. Ne4 Rxc1 24. Rxc1 Bg7 25. Qc2 Qd4 26. g3 b6 27.
Qc7 Rd7 28. Qc8+ Kh7 29. Qe8 f5 30. Rc8 Qd1+ 31. Kg2 Qd5 32. f3 fxe4 33. fxe4
Qa2+ 34. Kh3 Rd2 35. Kg4 Rxh2 36. Rc3 Qe2+ 37. Rf3 Rf2 0-1

[Event "España 1a División 2014"]
[Site "Linares ESP"]
[Date "2014.09.05"]
[Round "3.2"]
[White "Rodriguez Lopez, Rafael"]
[Black "Nieves Cabanes, Javier"]
[Result "0-1"]
[WhiteElo "2259"]
[BlackElo "2097"]
[PlyCount "68"]
[EventDate "2014.09.04"]
[EventType "team-tourn"]
[EventRounds "9"]
[EventCountry "ESP"]
[Source "lmi"]
[SourceDate "2014.09.04"]
[WhiteTeam "C.A. UNIVERSIDAD DE VIGO"]
[BlackTeam "C.A. EVA-MANISES"]

1. e4 c5 2. Nf3 e6 3. d4 cxd4 4. Nxd4 Nc6 5. Nc3 Qc7 6. Be3 a6 7. Qd2 Nf6 8.
O-O-O Be7 9. f3 h5 10. Nb3 d6 11. Kb1 Ne5 12. f4 Neg4 13. Bg1 b5 14. a3 Nd7 15.
h3 Ngf6 16. Be2 Bb7 17. Bf3 h4 18. Bf2 Rc8 19. Rhe1 e5 20. Nd5 Nxd5 21. exd5
O-O 22. fxe5 Nxe5 23. Rxe5 dxe5 24. d6 Bxd6 25. Bxb7 Qxb7 26. Qxd6 Qxg2 27.
Bxh4 Qxc2+ 28. Ka2 Qh2 29. Nd4 Qxh3 30. Qxe5 Qxh4 31. Nf5 Qc4+ 32. Ka1 f6 33.
Qg3 Rc7 34. Qg6 Qf4 0-1

[Event "España 1a División 2014"]
[Site "Linares ESP"]
[Date "2014.09.06"]
[Round "4.1"]
[White "Granda Zuniga, Julio E"]
[Black "Adla, Diego"]
[Result "1-0"]
[WhiteElo "2675"]
[BlackElo "2469"]
[PlyCount "97"]
[EventDate "2014.09.04"]
[EventType "team-tourn"]
[EventRounds "9"]
[EventCountry "ESP"]
[Source "lmi"]
[SourceDate "2014.09.04"]
[WhiteTeam "C.A. COLLADO VILLALBA"]
[BlackTeam "C.A. STADIUM CASABLANCA"]

1. Nf3 d5 2. c4 c6 3. e3 Nf6 4. d4 Bg4 5. h3 Bxf3 6. gxf3 a6 7. Qb3 b5 8. cxd5
Qxd5 9. Bg2 e6 10. Nc3 Qxb3 11. axb3 Nbd7 12. Bd2 Be7 13. f4 Nd5 14. f5 N7f6
15. fxe6 fxe6 16. Ke2 Kd7 17. h4 g6 18. f4 Rhg8 19. Nd1 a5 20. Nf2 Nh5 21. Kf3
a4 22. bxa4 bxa4 23. Nd3 Bd6 24. Ra2 Rgb8 25. Rha1 Rb3 26. Bf1 a3 27. bxa3
Raxa3 28. Ne5+ Kc7 29. Rxa3 Rxa3 30. Ba5+ Kb7 31. Rb1+ Ka8 32. Nc4 Ra2 33. Bd2
Bc7 34. Rc1 Kb7 35. Bh3 Ng7 36. e4 Nf6 37. Bf1 Nd7 38. Bd3 c5 39. Bc3 Nh5 40.
e5 Rh2 41. Be4+ Kc8 42. Be1 Kd8 43. d5 exd5 44. Bxd5 Nb6 45. Nxb6 Bxb6 46. Bg8
Ke7 47. Rb1 Rh1 48. Bxh7 Kf7 49. Rxb6 1-0

[Event "España 1a División 2014"]
[Site "Linares ESP"]
[Date "2014.09.06"]
[Round "4.1"]
[White "Glavina, Pablo"]
[Black "Arribas Lopez, Angel"]
[Result "0-1"]
[WhiteElo "2417"]
[BlackElo "2503"]
[PlyCount "64"]
[EventDate "2014.09.04"]
[EventType "team-tourn"]
[EventRounds "9"]
[EventCountry "ESP"]
[Source "lmi"]
[SourceDate "2014.09.04"]
[WhiteTeam "C.A. STADIUM CASABLANCA"]
[BlackTeam "C.A. COLLADO VILLALBA"]

1. d4 Nf6 2. c4 g6 3. f3 Bg7 4. e4 d6 5. Ne2 Nfd7 6. Nbc3 a5 7. Bg5 c6 8. Qd2
h6 9. Be3 a4 10. Nc1 c5 11. d5 Qa5 12. Bd3 a3 13. N1e2 axb2 14. Qxb2 Ne5 15.
Rd1 Nbd7 16. f4 Nxd3+ 17. Rxd3 Qb4 18. Qxb4 cxb4 19. Nb5 Rxa2 20. Rd2 b3 21.
O-O Nc5 22. e5 Rxd2 23. Bxd2 Bf5 24. Bc3 Bd3 25. Re1 dxe5 26. Na3 O-O 27. fxe5
Ra8 28. Bb2 Bxe2 29. Rxe2 Nd3 30. d6 exd6 31. exd6 Bxb2 32. d7 Kf8 0-1

[Event "España 1a División 2014"]
[Site "Linares ESP"]
[Date "2014.09.06"]
[Round "4.1"]
[White "Moreno Ruiz, Javier"]
[Black "Moreno Gracia, Daniel"]
[Result "1-0"]
[WhiteElo "2475"]
[BlackElo "2332"]
[PlyCount "91"]
[EventDate "2014.09.04"]
[EventType "team-tourn"]
[EventRounds "9"]
[EventCountry "ESP"]
[Source "lmi"]
[SourceDate "2014.09.04"]
[WhiteTeam "C.A. COLLADO VILLALBA"]
[BlackTeam "C.A. STADIUM CASABLANCA"]

1. c4 Nf6 2. d4 c6 3. Nc3 d5 4. cxd5 cxd5 5. Bf4 Nc6 6. e3 a6 7. Be2 Bf5 8. Nf3
e6 9. Qb3 Bd6 10. Bxd6 Qxd6 11. Qxb7 O-O 12. Qb3 Nb4 13. O-O Nc2 14. Rab1 Rab8
15. Qa4 Rfc8 16. Rbc1 Rxb2 17. Nd1 Rb4 18. Qa5 h6 19. Ne5 Rb6 20. f3 Rcb8 21.
Nd3 Bxd3 22. Bxd3 Nb4 23. Be2 Nd7 24. Nc3 Nc6 25. Qa4 e5 26. dxe5 Qxe5 27. Nd1
Qe6 28. Rf2 Nde5 29. Bf1 a5 30. Rd2 Rb4 31. Qa3 d4 32. e4 Rb1 33. f4 Ng4 34.
Rxb1 Rxb1 35. Qf3 Nf6 36. e5 Nd7 37. f5 Qxe5 38. Qxc6 Nf6 39. Qf3 h5 40. h3 Nd5
41. Re2 Ne3 42. Nxe3 dxe3 43. Qxe3 Qxf5 44. Qe8+ Kh7 45. Rf2 Qc5 46. Qe4+ 1-0

[Event "España 1a División 2014"]
[Site "Linares ESP"]
[Date "2014.09.06"]
[Round "4.1"]
[White "Quintin Navarro, Alberto"]
[Black "Ortega Ruiz, Jose Miguel"]
[Result "1/2-1/2"]
[WhiteElo "2264"]
[BlackElo "2329"]
[PlyCount "64"]
[EventDate "2014.09.04"]
[EventType "team-tourn"]
[EventRounds "9"]
[EventCountry "ESP"]
[Source "lmi"]
[SourceDate "2014.09.04"]
[WhiteTeam "C.A. STADIUM CASABLANCA"]
[BlackTeam "C.A. COLLADO VILLALBA"]

1. d4 Nf6 2. c4 g6 3. Nc3 Bg7 4. e4 d6 5. f3 O-O 6. Be3 c5 7. Nge2 Nc6 8. d5
Ne5 9. Ng3 e6 10. Be2 exd5 11. cxd5 h5 12. O-O a6 13. a4 Bd7 14. h3 b5 15. axb5
axb5 16. Rxa8 Qxa8 17. f4 Nc4 18. Bxc4 bxc4 19. e5 Nh7 20. exd6 Qa7 21. f5 Bd4
22. Bxd4 cxd4 23. Nce4 d3+ 24. Kh1 h4 25. Qd2 hxg3 26. f6 g5 27. Nxg5 Re8 28.
Ne6 Bxe6 29. Qh6 Nxf6 30. Qg5+ Kh7 31. Qh4+ Kg8 32. Qg5+ Kh7 1/2-1/2

[Event "España 1a División 2014"]
[Site "Linares ESP"]
[Date "2014.09.06"]
[Round "4.2"]
[White "Rusev, Krasimir"]
[Black "Montoliu Cervero, Francisco"]
[Result "0-1"]
[WhiteElo "2538"]
[BlackElo "2286"]
[PlyCount "268"]
[EventDate "2014.09.04"]
[EventType "team-tourn"]
[EventRounds "9"]
[EventCountry "ESP"]
[Source "lmi"]
[SourceDate "2014.09.04"]
[WhiteTeam "C.A. SILLA – LOPEZ INSTALACIONES"]
[BlackTeam "C.A. EVA-MANISES"]

1. Nf3 d5 2. d4 Nf6 3. c4 e6 4. e3 Be7 5. b3 O-O 6. Bb2 c6 7. Nbd2 b6 8. Bd3
Bb7 9. O-O Nbd7 10. Qe2 c5 11. Rad1 cxd4 12. Nxd4 Nc5 13. Bc2 Qc7 14. Nb5 Qc8
15. Bxf6 Bxf6 16. Nd6 Qc6 17. Nxb7 Nxb7 18. Rc1 dxc4 19. Be4 Qd7 20. Nxc4 Rad8
21. b4 Nd6 22. Bf3 Nxc4 23. Qxc4 Qa4 24. b5 Qxc4 25. Rxc4 Rd7 26. Rfc1 Be5 27.
g3 Rfd8 28. Bc6 Rc7 29. f4 Bb2 30. R1c2 Ba3 31. Rd4 Rxd4 32. exd4 g6 33. Kf2
Kf8 34. g4 Be7 35. Kf3 Rc8 36. Rc4 Bf6 37. Ke4 Ke7 38. Ra4 Rc7 39. Ra3 h6 40.
d5 Kd6 41. dxe6 fxe6 42. Rd3+ Ke7 43. Rh3 Bg7 44. g5 h5 45. Ra3 Bb2 46. Ra4 Bg7
47. h3 Bb2 48. Kd3 Kf7 49. Kc2 Bg7 50. Kb3 Ke7 51. Re4 Kf7 52. Kc4 Bf8 53. a4
Bd6 54. Rd4 Be7 55. Rd3 Kf8 56. Kd4 Kf7 57. Ke5 Bb4 58. Rd8 Re7 59. Bd7 Bc3+
60. Kd6 Bd2 61. Ke5 Bc3+ 62. Ke4 Bb2 63. Bc6 Bc3 64. Rd3 Bb2 65. Bd7 Bg7 66.
Bc6 Rc7 67. Rd8 Re7 68. Rc8 Bb2 69. Kd3 Bg7 70. Kc4 Bb2 71. Kd3 Bg7 72. Ke3 Bb2
73. h4 Bc1+ 74. Ke4 Bb2 75. Rd8 Bg7 76. Rd2 Rc7 77. Rc2 Ke7 78. Kf3 Bh8 79. Rd2
Bg7 80. Rd3 Bh8 81. Be4 Kf7 82. Rd6 Bg7 83. Bd3 Bf8 84. Rd8 Bg7 85. Be4 Bc3 86.
Rd6 Bg7 87. Rc6 Rd7 88. Bc2 Bb2 89. Ke4 Rd4+ 90. Ke3 Rd7 91. Bb3 Re7 92. Ke4
Bg7 93. Bc4 Bb2 94. Kd3 Bg7 95. Rd6 Bb2 96. Kc2 Ba3 97. Rd2 Bc5 98. Re2 Bd4 99.
Kd3 Bg7 100. Bb3 Rd7+ 101. Ke3 Rc7 102. Kf2 Bd4+ 103. Kg2 Re7 104. Kf3 Bg7 105.
Bc4 Bd4 106. Ke4 Bg7 107. Kd3 Rd7+ 108. Kc2 Re7 109. Kb3 Bd4 110. Re4 Bc5 111.
f5 gxf5 112. Re5 Kg7 113. Bxe6 f4 114. Kc4 Bd6 115. Re1 f3 116. Kd5 f2 117. Rh1
Bg3 118. Bh3 Re1 119. Bf1 Bxh4 120. Kc6 Bg3 121. Kb7 Re7+ 122. Ka6 Kg6 123. Rh3
h4 124. Rh1 Kxg5 125. Bh3 Bf4 126. Rd1 Be3 127. Rd8 Kf4 128. Rg8 Kf3 129. Bg4+
Ke4 130. Bh3 Kd3 131. Rd8+ Kc3 132. Bf1 Kb4 133. Bg2 Rg7 134. Bf1 Rg1 0-1

[Event "España 1a División 2014"]
[Site "Linares ESP"]
[Date "2014.09.06"]
[Round "4.2"]
[White "Silva Rodriguez, Julio"]
[Black "Genov, Petar"]
[Result "0-1"]
[WhiteElo "2255"]
[BlackElo "2443"]
[PlyCount "148"]
[EventDate "2014.09.04"]
[EventType "team-tourn"]
[EventRounds "9"]
[EventCountry "ESP"]
[Source "lmi"]
[SourceDate "2014.09.04"]
[WhiteTeam "C.A. EVA-MANISES"]
[BlackTeam "C.A. SILLA – LOPEZ INSTALACIONES"]

1. e4 c5 2. Nf3 d6 3. d4 cxd4 4. Nxd4 Nf6 5. Nc3 e6 6. Be2 a6 7. O-O Nbd7 8. f4
b5 9. a3 Bb7 10. Bf3 Rc8 11. Re1 Be7 12. Kh1 O-O 13. e5 Bxf3 14. Qxf3 dxe5 15.
Nc6 e4 16. Nxe4 Qe8 17. Nxe7+ Qxe7 18. Bd2 Nxe4 19. Qxe4 Nf6 20. Bb4 Qc7 21.
Qe5 Rfe8 22. Qxc7 Rxc7 23. Re2 Rd7 24. Ba5 h5 25. g3 Rc8 26. a4 Rc4 27. axb5
axb5 28. Bc3 Re4 29. Rxe4 Nxe4 30. Ra8+ Kh7 31. Rb8 Nxc3 32. bxc3 Rd5 33. Kg2
g6 34. Kf3 Rc5 35. Ke4 Rxc3 36. Rxb5 Rxc2 37. h4 Rc3 38. Rg5 Ra3 39. Ke5 Kg7
40. Kd6 Rd3+ 41. Ke7 Rd5 42. Re5 Rd3 43. Rg5 Ra3 44. g4 Ra7+ 45. Kd6 Ra6+ 46.
Ke7 Ra7+ 47. Kd6 hxg4 48. h5 Kf6 49. hxg6 Ra6+ 50. Kd7 fxg6 51. Rxg4 Ra4 52.
Kd6 Re4 53. Kc5 Kf7 54. Kd6 Kf6 55. Kc5 Ra4 56. Kd6 Rc4 57. Rh4 Kf5 58. Rh8
Rd4+ 59. Ke7 Rxf4 60. Rf8+ Kg4 61. Rg8 g5 62. Kxe6 Kh4 63. Ke5 Rf1 64. Ke4 g4
65. Rh8+ Kg3 66. Ke3 Re1+ 67. Kd2 Re7 68. Rg8 Kf3 69. Rf8+ Kg2 70. Rg8 g3 71.
Kd1 Kf2 72. Rf8+ Kg1 73. Rg8 g2 74. Kd2 Rh7 0-1

[Event "España 1a División 2014"]
[Site "Linares ESP"]
[Date "2014.09.06"]
[Round "4.2"]
[White "Granero Roca, Antonio"]
[Black "Silva Rodriguez, Fernando"]
[Result "1-0"]
[WhiteElo "2426"]
[BlackElo "2244"]
[PlyCount "101"]
[EventDate "2014.09.04"]
[EventType "team-tourn"]
[EventRounds "9"]
[EventCountry "ESP"]
[Source "lmi"]
[SourceDate "2014.09.04"]
[WhiteTeam "C.A. SILLA – LOPEZ INSTALACIONES"]
[BlackTeam "C.A. EVA-MANISES"]

1. d4 Nf6 2. c4 e6 3. Nc3 Bb4 4. e3 O-O 5. Nge2 d5 6. a3 Bd6 7. Qc2 c6 8. Ng3
Nbd7 9. Bd2 a6 10. c5 Bc7 11. f4 Ne8 12. Bd3 f5 13. O-O Ndf6 14. b4 Ne4 15.
Ncxe4 dxe4 16. Bc4 g6 17. a4 Bd7 18. Qb3 Nf6 19. Bxe6+ Bxe6 20. Qxe6+ Kg7 21.
Qc4 Nd5 22. Qe2 Qd7 23. Rab1 Rfb8 24. Qc4 Qe6 25. Qb3 Kf6 26. Ne2 Bd8 27. Be1
Kf7 28. Bd2 Be7 29. Rb2 Nc7 30. Qc2 Bd8 31. Rfb1 Ke7 32. h3 Kf7 33. Nc3 Nd5 34.
b5 axb5 35. axb5 Bc7 36. Rb3 Ne7 37. R1b2 Qc8 38. Qb1 Ke6 39. Ra2 Ba5 40. Nxe4
Bxd2 41. Nd6 Qd8 42. Rxd2 Nd5 43. Qd3 Qa5 44. e4 Nxf4 45. Qe3 g5 46. exf5+ Kd7
47. Rf2 Qa1+ 48. Kh2 cxb5 49. Rxf4 gxf4 50. Qe6+ Kd8 51. Nf7+ 1-0

[Event "España 1a División 2014"]
[Site "Linares ESP"]
[Date "2014.09.06"]
[Round "4.2"]
[White "Nieves Cabanes, Javier"]
[Black "Cano Sanchez, Josue"]
[Result "1/2-1/2"]
[WhiteElo "2097"]
[BlackElo "2367"]
[PlyCount "54"]
[EventDate "2014.09.04"]
[EventType "team-tourn"]
[EventRounds "9"]
[EventCountry "ESP"]
[Source "lmi"]
[SourceDate "2014.09.04"]
[WhiteTeam "C.A. EVA-MANISES"]
[BlackTeam "C.A. SILLA – LOPEZ INSTALACIONES"]

1. d4 d5 2. c4 c6 3. cxd5 cxd5 4. Nc3 Nf6 5. Bf4 Nc6 6. e3 e6 7. Bd3 Be7 8. Bg5
a6 9. f4 b5 10. Nf3 Bb7 11. Rc1 Na5 12. Bxf6 Bxf6 13. b3 Rc8 14. O-O Nc6 15.
Qe2 Qa5 16. Nd1 g6 17. Nf2 Be7 18. Bb1 Ba3 19. Rc2 O-O 20. Nd3 Nb4 21. Rxc8
Rxc8 22. Nc5 Qc7 23. Ne5 Nc6 24. Ned3 Nb4 25. Ne5 Nc6 26. Ned3 Nb4 27. Ne5 Nc6
1/2-1/2

[Event "España 1a División 2014"]
[Site "Linares ESP"]
[Date "2014.09.07"]
[Round "5.1"]
[White "Adla, Diego"]
[Black "Anton Guijarro, David"]
[Result "0-1"]
[WhiteElo "2469"]
[BlackElo "2609"]
[PlyCount "100"]
[EventDate "2014.09.04"]
[EventType "team-tourn"]
[EventRounds "9"]
[EventCountry "ESP"]
[Source "lmi"]
[SourceDate "2014.09.04"]
[WhiteTeam "C.A. STADIUM CASABLANCA"]
[BlackTeam "VTI ATOCHA"]

1. c4 f5 2. g3 Nf6 3. Bg2 g6 4. Nf3 Bg7 5. O-O O-O 6. Nc3 d6 7. d3 e5 8. Rb1
Kh8 9. b4 h6 10. c5 Nbd7 11. cxd6 cxd6 12. b5 g5 13. Ba3 Nb6 14. Nd2 Qe7 15.
Nc4 Rd8 16. Qd2 Nxc4 17. dxc4 Be6 18. Nd5 Qf7 19. Nxf6 Bxf6 20. Bd5 Rac8 21.
Rbc1 Bxd5 22. Qxd5 Qxd5 23. cxd5 e4 24. Rxc8 Rxc8 25. Bxd6 Rd8 26. Bb4 Rxd5 27.
a4 Kg7 28. Rc1 Kg6 29. Rc7 Rd4 30. Be7 Be5 31. Rxb7 f4 32. Bc5 Rd1+ 33. Kg2 Rd2
34. Rxa7 Rxe2 35. Kh3 e3 36. fxe3 fxe3 37. Kg4 Rf2 38. Ra6+ Bf6 39. Rxf6+ Rxf6
40. Bxe3 h5+ 41. Kh3 Re6 42. Bf2 Re2 43. Kg2 Ra2 44. b6 Rxa4 45. h3 g4 46. hxg4
hxg4 47. Bc5 Ra2+ 48. Kf1 Rb2 49. Bd4 Rb3 50. Bf2 Kf5 0-1

[Event "España 1a División 2014"]
[Site "Linares ESP"]
[Date "2014.09.07"]
[Round "5.1"]
[White "Quintin Navarro, Alberto"]
[Black "Rubio Mejia, Luis Ignacio"]
[Result "1/2-1/2"]
[WhiteElo "2264"]
[BlackElo "2470"]
[PlyCount "136"]
[EventDate "2014.09.04"]
[EventType "team-tourn"]
[EventRounds "9"]
[EventCountry "ESP"]
[Source "lmi"]
[SourceDate "2014.09.04"]
[WhiteTeam "C.A. STADIUM CASABLANCA"]
[BlackTeam "VTI ATOCHA"]

1. d4 Nf6 2. c4 e6 3. Nf3 b6 4. a3 Bb7 5. Nc3 d5 6. cxd5 Nxd5 7. Bd2 Be7 8. Qc2
O-O 9. e4 Nxc3 10. Bxc3 Nd7 11. O-O-O a5 12. h4 c6 13. Bd3 Ba6 14. Bxa6 Rxa6
15. d5 exd5 16. exd5 b5 17. Ng5 Bxg5+ 18. hxg5 Qxg5+ 19. Kb1 h6 20. Rh3 Ne5 21.
Rg3 Qh5 22. f4 Ng4 23. d6 f5 24. d7 Rd8 25. Qd2 b4 26. axb4 axb4 27. Bxb4 Ra7
28. Rd3 Nf6 29. Be7 Rdxd7 30. Bxf6 Rxd3 31. Qxd3 gxf6 32. Qb3+ Qf7 33. Rd8+ Kg7
34. Qg3+ Kh7 35. Qd3 Qa2+ 36. Kc1 Qa1+ 37. Kc2 Qa4+ 38. Kb1 Qa2+ 39. Kc1 Qa1+
40. Qb1 Qxb1+ 41. Kxb1 Rc7 42. Kc2 Kg7 43. Kc3 Kf7 44. Rh8 Ke6 45. Rxh6 Rg7 46.
Rh3 Rxg2 47. Rd3 Rf2 48. Rd4 c5 49. Rc4 Kd5 50. b3 Rf3+ 51. Kc2 Re3 52. Ra4 Re4
53. Kd3 Re1 54. Rc4 Rd1+ 55. Kc3 Rh1 56. Kd3 Rh3+ 57. Kc2 Rf3 58. Ra4 Kc6 59.
Rc4 Kb5 60. Ra4 Re3 61. Ra8 Rf3 62. Rb8+ Kc6 63. Rc8+ Kb6 64. Rb8+ Kc7 65. Rf8
Rxf4 66. Rxf6 Rf3 67. Kd2 Rxb3 68. Rxf5 Kc6 1/2-1/2

[Event "España 1a División 2014"]
[Site "Linares ESP"]
[Date "2014.09.07"]
[Round "5.1"]
[White "Larino Nieto, David"]
[Black "Gomez Anadon, Daniel"]
[Result "1-0"]
[WhiteElo "2445"]
[BlackElo "2234"]
[PlyCount "77"]
[EventDate "2014.09.04"]
[EventType "team-tourn"]
[EventRounds "9"]
[EventCountry "ESP"]
[Source "lmi"]
[SourceDate "2014.09.04"]
[WhiteTeam "VTI ATOCHA"]
[BlackTeam "C.A. STADIUM CASABLANCA"]

1. e4 c5 2. Nf3 d6 3. d4 Nf6 4. Nc3 cxd4 5. Nxd4 a6 6. Qd3 e6 7. Be2 Nbd7 8. g4
Nc5 9. Qf3 Qc7 10. g5 Nfd7 11. Qg3 b5 12. b4 Na4 13. Nxa4 bxa4 14. Bb2 e5 15.
Nf5 Qxc2 16. Qa3 Qxe4 17. Ng3 Qf4 18. Qxa4 Bb7 19. O-O Qxg5 20. Rac1 Qd8 21.
Rfd1 h5 22. h4 g5 23. Nf5 gxh4 24. Nxd6+ Bxd6 25. Rxd6 Rc8 26. Rxc8 Bxc8 27.
Qc6 Kf8 28. Kf1 Rg8 29. Bxe5 Qe8 30. Bf4 Rg6 31. Bd3 Re6 32. Rxe6 fxe6 33. Bd6+
Kf7 34. Qe4 Qg8 35. Qf4+ Nf6 36. Be5 Qd8 37. Be2 Kg6 38. Qxh4 Bb7 39. Bxh5+ 1-0

[Event "España 1a División 2014"]
[Site "Linares ESP"]
[Date "2014.09.07"]
[Round "5.2"]
[White "Barrero Garcia, Carlos"]
[Black "Granda Zuniga, Julio E"]
[Result "0-1"]
[WhiteElo "2358"]
[BlackElo "2675"]
[PlyCount "80"]
[EventDate "2014.09.04"]
[EventType "team-tourn"]
[EventRounds "9"]
[EventCountry "ESP"]
[Source "lmi"]
[SourceDate "2014.09.04"]
[WhiteTeam "OROMANA - SCHNEIDER ELECTRIC"]
[BlackTeam "C.A. COLLADO VILLALBA"]

1. Nf3 c5 2. g3 Nc6 3. Bg2 e5 4. O-O g6 5. c4 Bg7 6. Nc3 Nge7 7. Ne1 O-O 8. d3
d6 9. a3 a5 10. Bg5 h6 11. Bxe7 Nxe7 12. Rb1 Nc6 13. Nc2 a4 14. b4 axb3 15.
Rxb3 Ra6 16. Qb1 e4 17. Nxe4 Na5 18. Rb5 Bd7 19. Ne3 Bxb5 20. cxb5 Ra7 21. Qa2
b6 22. Qd5 Re8 23. Bh3 Bd4 24. Qxd6 c4 25. Qf4 c3 26. Ng4 Rxe4 27. dxe4 h5 28.
Ne3 g5 29. Qf5 Bxe3 30. fxe3 Nc4 31. Kf2 Rc7 32. e5 Qe7 33. e6 g4 34. Bg2 Rc5
35. Bd5 Rxd5 36. Qxd5 Qf6+ 37. Kg1 Qxf1+ 38. Kxf1 Nxe3+ 39. Ke1 Nxd5 40. e4 Nc7
0-1

[Event "España 1a División 2014"]
[Site "Linares ESP"]
[Date "2014.09.07"]
[Round "5.2"]
[White "Vazquez Igarza, Renier"]
[Black "Reales Murto, Manuel Jose"]
[Result "1-0"]
[WhiteElo "2603"]
[BlackElo "2256"]
[PlyCount "38"]
[EventDate "2014.09.04"]
[EventType "team-tourn"]
[EventRounds "9"]
[EventCountry "ESP"]
[Source "lmi"]
[SourceDate "2014.09.04"]
[WhiteTeam "C.A. COLLADO VILLALBA"]
[BlackTeam "OROMANA - SCHNEIDER ELECTRIC"]

1. d4 Nf6 2. c4 g6 3. Nc3 Bg7 4. e4 d6 5. Nf3 O-O 6. Be2 c5 7. O-O cxd4 8. Nxd4
Nc6 9. Be3 Nxd4 10. Bxd4 Nd7 11. Bxg7 Kxg7 12. Qd4+ f6 13. Rad1 Qb6 14. Qd2 Qa5
15. a3 f5 16. b4 Qe5 17. f4 Qe6 18. Nd5 Qxe4 19. Qc3+ Ne5 1-0

[Event "España 1a División 2014"]
[Site "Linares ESP"]
[Date "2014.09.07"]
[Round "5.2"]
[White "Medina Carrasco, Santiago"]
[Black "Moreno Ruiz, Javier"]
[Result "0-1"]
[WhiteElo "2228"]
[BlackElo "2475"]
[PlyCount "78"]
[EventDate "2014.09.04"]
[EventType "team-tourn"]
[EventRounds "9"]
[EventCountry "ESP"]
[Source "lmi"]
[SourceDate "2014.09.04"]
[WhiteTeam "OROMANA - SCHNEIDER ELECTRIC"]
[BlackTeam "C.A. COLLADO VILLALBA"]

1. d4 Nf6 2. c4 e6 3. Nf3 Bb4+ 4. Bd2 a5 5. a3 Bxd2+ 6. Nbxd2 d6 7. g3 Nbd7 8.
Bg2 e5 9. Qc2 O-O 10. O-O exd4 11. Nxd4 a4 12. Rad1 Re8 13. Bc6 Re5 14. Bxa4
Nb6 15. Bc6 bxc6 16. Nxc6 Qe8 17. Nxe5 Qxe5 18. Nf3 Qc5 19. Rd4 Bf5 20. Qc1 Re8
21. b4 Qc6 22. Rh4 Be4 23. c5 dxc5 24. Qxc5 Qxc5 25. bxc5 Nbd7 26. Rc1 h6 27.
c6 Nb6 28. Nd2 Bd5 29. Rb4 Rxe2 30. Rxb6 Rxd2 31. Rb8+ Kh7 32. Rc8 Ng4 33. Rxc7
Rxf2 34. Re7 Rxh2 35. Kf1 Rh1+ 36. Ke2 Rxc1 37. c7 Be6 38. Kd2 Rc6 39. a4 Nf6
0-1